13 Booklet Previous Year's Solved Questions Physics/ (Record no. 213192)

MARC details
000 -LEADER
fixed length control field 00672nam a22002057a 4500
005 - DATE AND TIME OF LATEST TRANSACTION
control field 20250827155155.0
010 ## - LCCN (DPL NO)
LC control number ENG-146553
020 ## - INTERNATIONAL STANDARD BOOK NUMBER
International Standard Book Number 9789371361910
Terms of availability 185.00
035 ## - SYSTEM CONTROL NUMBER
System control number EN-130085
037 ## - SOURCE OF ACQUISITION
Source of stock number/acquisition DBAD
082 ## - DEWEY DECIMAL CLASSIFICATION NUMBER
Classification number 530
Edition number 1
100 ## - MAIN ENTRY--PERSONAL NAME
Personal name Gupta, Pankaj
245 ## - TITLE STATEMENT
Title 13 Booklet Previous Year's Solved Questions Physics/
Statement of responsibility, etc Pankaj Gupta
250 ## - EDITION STATEMENT
Edition statement 1
260 ## - PUBLICATION, DISTRIBUTION, ETC. (IMPRINT)
Place of publication, distribution, etc Noida
Name of publisher, distributor, etc Pearson India Education
Date of publication, distribution, etc 2025
270 ## - ADDRESS
Address 15th Floor, Towe-B, World Trade Tower, Plot No.1, Block-C, Sector-16
City Noida
Postal code 201301
300 ## - PHYSICAL DESCRIPTION
Extent vpp.
Dimensions 25cm(pb)
500 ## - GENERAL NOTE
General note JEE Main Aprils 2025 Attempt<br/>Chapter-wise and Topic-wise
942 ## - ADDED ENTRY ELEMENTS (KOHA)
Source of classification or shelving scheme Dewey Decimal Classification
Item type English Books
Classification part 530
Call number suffix GUP
Holdings
Withdrawn status Lost status Not for loan Collection code Home library Current library Date acquired Source of acquisition Cost, normal purchase price Full call number Barcode Copy number Cost, replacement price Koha item type
      Non-fiction Central Library Central Library 27/08/2025 Delivery of Books Act Division 185.00 530 GUP EN-130085 1 185.00 English Books

© Delhi Public Library
Hit Counter
free hit counter